00265nam a2200109Ia 4500008004100000100001600041245003700057260002600094650001300120942000700133999001500140190216s9999||||xx |||||||||||||| ||und|| aBhatia A K 0aTourism Management And Marketing bSterling Publications aCommerce cBK c5633d5633